| 000 | 00537nam a2200229Ia 4500 | ||
|---|---|---|---|
| 008 | 210210b1958 xxu||||| |||| 00| 0 eng d | ||
| 041 | _aeng | ||
| 082 | _a531/140 | ||
| 100 | _aJAMES (A) | ||
| 245 | _aScientific uses of earth satellites Ed 2 | ||
| 260 |
_aAnn Arbbor _bThe University of Michigan Press _c1958 |
||
| 300 | _ax,316 | ||
| 650 | _auses | ||
| 650 | _aScientific | ||
| 650 | _asatellites | ||
| 650 | _aEd | ||
| 650 | _aearth | ||
| 650 | _a2 | ||
| 690 | _aPhysics | ||
| 700 | _aALLEN (Van) Ed | ||
| 906 | _a008341 | ||
| 999 |
_c127187 _d127187 |
||